[Event "interzonal (w)"]
[Site "Genting Highlands MAS"]
[Date "1990.??.??"]
[Round "1"]
[White "Demina, Yulia"]
[Black "Litinskaya, Marta"]
[Result "0-1"]
[WhiteElo "2310"]
[BlackElo "2355"]
[EventDate "1990.06.??"]
[PlyCount "144"]

1.Nf3 c5 2.c4 g6 3.d4 cxd4 4.Nxd4 Bg7 5.Nc3 Nc6 6.e3 Nf6 7.Be2 O-O 8.O-O 
Nxd4 9.Qxd4 d6 10.Qd3 Nd7 11.Bd2 Ne5 12.Qc2 Bd7 13.Rac1 Rc8 14.Qb3 b6 15.
Rfd1 Bc6 16.Nd5 Qd7 17.Qa3 Ba8 18.b3 b5 19.f4 bxc4 20.bxc4 Nxc4 21.Bxc4 
Rxc4 22.Nxe7+ Qxe7 23.Rxc4 Qe6 24.Qa4 Qg4 25.e4 d5 26.Rcc1 Qe2 27.Qc2 dxe4
28.Bb4 Qe3+ 29.Qf2 Bd4 30.Qxe3 Bxe3+ 31.Kf1 Re8 32.Bd2 Bb6 33.Re1 Bd5 34.
a4 e3 35.a5 exd2 36.Rxe8+ Kg7 37.Rd1 Bc4+ 38.Re2 Bxa5 39.Kf2 Bxe2 40.Kxe2 
Bc3 41.Kd3 Bb4 42.g4 Kf6 43.Kd4 Ke6 44.Kc4 a5 45.Kd4 Kd6 46.h3 f6 47.f5 
gxf5 48.gxf5 h6 49.Ra1 Kc6 50.Kc4 Bc5 51.Kc3 Bb4+ 52.Kc4 h5 53.Rd1 Kd6 54.
Kd4 Bc5+ 55.Ke4 Bb4 56.Kd4 h4 57.Ra1 a4 58.Rd1 Ba5 59.Ra1 a3 60.Rd1 Bb6+ 
61.Kc4 Be3 62.Kd3 Bf4 63.Kc2 Kc5 64.Ra1 Kb4 65.Rb1+ Ka4 66.Rb7 Be3 67.Rb8 
Bc5 68.Rd8 Bb4 69.Rd5 a2 70.Kb2 a1=Q+ 71.Kxa1 Kb3 72.Kb1 Kc3 0-1

[Event "interzonal (w)"]
[Site "Genting Highlands MAS"]
[Date "1990.??.??"]
[Round "1"]
[White "Forbes, Catherine"]
[Black "Wagner-Michel, Annett"]
[Result "1-0"]
[WhiteElo "2075"]
[BlackElo "2260"]
[EventDate "1990.06.??"]
[PlyCount "67"]

1.d4 d5 2.Nf3 e6 3.Bf4 Nf6 4.e3 g6 5.Be2 Bg7 6.Nc3 a6 7.Ne5 Ne4 8.Nxe4 
dxe4 9.c3 b5 10.h4 f6 11.Ng4 h5 12.Nh2 Bb7 13.a4 c6 14.Qb3 Kf7 15.f3 exf3 
16.Nxf3 Qe7 17.O-O Re8 18.Ne5+ Kg8 19.Nxg6 Qd7 20.Bxh5 c5 21.axb5 axb5 22.
Rxa8 Bxa8 23.Bxb8 Rxb8 24.Nf4 c4 25.Qc2 f5 26.Bf3 Qe7 27.Qf2 Bxf3 28.Qxf3 
Rb6 29.Qg3 b4 30.Ra1 Qf6 31.Ra8+ Kh7 32.Ra7 Kh6 33.Qg5+ Qxg5 34.hxg5+ 1-0

[Event "interzonal (w)"]
[Site "Genting Highlands MAS"]
[Date "1990.??.??"]
[Round "1"]
[White "Hoiberg, Nina"]
[Black "Makropoulou, Marina"]
[Result "1/2-1/2"]
[WhiteElo "2275"]
[BlackElo "2230"]
[EventDate "1990.06.??"]
[PlyCount "94"]

1.e4 c5 2.Nf3 Nc6 3.d4 cxd4 4.Nxd4 Qc7 5.Nc3 e6 6.f4 a6 7.Nxc6 Qxc6 8.Bd3 
b5 9.O-O b4 10.Nb1 Bc5+ 11.Kh1 Bb7 12.Qg4 g6 13.Nd2 Nf6 14.Qe2 d5 15.exd5 
Qxd5 16.Nb3 Bb6 17.Bd2 Qd6 18.a3 bxa3 19.Bc3 axb2 20.Rad1 Qe7 21.Qe5 Bd8 
22.Bb5+ axb5 23.Qxb5+ Kf8 24.Bb4 Bd5 25.Bxe7+ Bxe7 26.Nc5 Rc8 27.Nd3 Rxc2 
28.Rf2 Rxf2 29.Nxf2 Kg7 30.Qxb2 h5 31.h3 Bd6 32.Ne4 Bxe4 33.Rxd6 Rc8 34.
Rd2 Bd5 35.Kg1 Rc4 36.Rf2 h4 37.Kh2 Re4 38.Qa1 Rc4 39.g4 hxg3+ 40.Kxg3 Rb4
41.Kh4 Rb3 42.Qd4 Be4 43.Re2 Bf5 44.Re3 Rxe3 45.Qxe3 Ne4 46.Qd4+ f6 47.
Qa7+ Kh6 1/2-1/2

[Event "interzonal (w)"]
[Site "Genting Highlands MAS"]
[Date "1990.??.??"]
[Round "1"]
[White "Rudolph, Alexey"]
[Black "Akhsharumova, Anna"]
[Result "0-1"]
[WhiteElo "2090"]
[BlackElo "2395"]
[EventDate "1990.06.??"]
[PlyCount "50"]

1.e4 g6 2.Nc3 Bg7 3.g3 c5 4.Bg2 Nc6 5.d3 d6 6.Nge2 e6 7.O-O Nge7 8.Be3 Nd4
9.Nf4 O-O 10.Qd2 Rb8 11.Nd1 b6 12.c3 Ba6 13.Nh5 gxh5 14.cxd4 cxd4 15.Bg5 
f6 16.Bh4 Ng6 17.Qe2 Kh8 18.Qxh5 Bxd3 19.Re1 Nxh4 20.Qxh4 f5 21.Qh3 e5 22.
f3 fxe4 23.fxe4 Qf6 24.Rc1 Rb7 25.Bf1 Bh6 0-1

[Event "interzonal (w)"]
[Site "Genting Highlands MAS"]
[Date "1990.??.??"]
[Round "1"]
[White "Starr, Nava"]
[Black "Dahl, Ingrid"]
[Result "1-0"]
[WhiteElo "2220"]
[BlackElo "2100"]
[EventDate "1990.06.??"]
[PlyCount "129"]

1.e4 c6 2.Nc3 d5 3.Qf3 d4 4.Bc4 e6 5.Nce2 c5 6.Qg3 Nc6 7.d3 g6 8.h4 Bd6 9.
f4 h5 10.Nf3 Nh6 11.O-O Qb6 12.Ng5 Bd7 13.Nxe6 Bxe6 14.Bxe6 fxe6 15.Qxg6+ 
Nf7 16.Qxe6+ Be7 17.Ng3 Nb4 18.Qb3 Nc6 19.Qc4 Nd6 20.Qe6 Nb4 21.Rf2 Nf7 
22.Qh3 Qg6 23.a3 Nc6 24.Nf5 Qg4 25.Qxg4 hxg4 26.g3 Kd7 27.Bd2 Nd6 28.Nxd6 
Bxd6 29.Re1 Rae8 30.Kg2 Rh7 31.Rfe2 Bc7 32.Rf2 Rf7 33.e5 Rf5 34.Rh1 Rh8 
35.Re2 Nd8 36.Rhe1 Ne6 37.Rh1 Rh7 38.c3 Bb6 39.Rhe1 a5 40.Re4 Bc7 41.b4 
axb4 42.axb4 b6 43.Ra1 Rh8 44.Ra7 dxc3 45.Bxc3 Rd8 46.bxc5 bxc5 47.d4 cxd4
48.Bxd4 Kc6 49.Be3 Rb8 50.Rc4+ Kd7 51.Bc1 Rc8 52.Ba3 Kd8 53.Rc6 Nxf4+ 54.
gxf4 Rxf4 55.e6 Re4 56.e7+ Kd7 57.Rd6+ Ke8 58.Rxc7 Rxc7 59.Rd8+ Kf7 60.
Rf8+ Kg7 61.e8=Q Rc2+ 62.Kg1 Rxe8 63.Rxe8 Kg6 64.Re5 Rc4 65.Be7 1-0

[Event "interzonal (w)"]
[Site "Genting Highlands MAS"]
[Date "1990.??.??"]
[Round "1"]
[White "Zayats, Elena"]
[Black "Gurieli, Nino"]
[Result "0-1"]
[WhiteElo "2305"]
[BlackElo "2340"]
[EventDate "1990.06.??"]
[PlyCount "77"]

1.d4 Nf6 2.c4 e5 3.dxe5 Ng4 4.e3 Nxe5 5.Nh3 g6 6.Nf4 Bg7 7.Be2 O-O 8.O-O 
d6 9.Nc3 Nbd7 10.Qd2 a5 11.b3 Nc5 12.Ba3 Bd7 13.Rad1 b6 14.Qc1 Re8 15.Nfd5
f5 16.Nb5 c6 17.Nxd6 cxd5 18.Nxe8 Qxe8 19.Bxc5 bxc5 20.cxd5 Bb5 21.Rfe1 
Rc8 22.Bc4 Bxc4 23.bxc4 Qa4 24.e4 Qxc4 25.Qxc4 Nxc4 26.exf5 gxf5 27.d6 Rd8
28.d7 Ne5 29.Rd5 Kf7 30.Red1 c4 31.Rxa5 Rxd7 32.Rxd7+ Nxd7 33.Ra7 Ke6 34.
Kf1 c3 35.Ke2 Bd4 36.Rc7 Nc5 37.f3 Kd5 38.Kd1 Be5 39.Kc2 0-1

[Event "interzonal (w)"]
[Site "Genting Highlands MAS"]
[Date "1990.??.??"]
[Round "2"]
[White "Gurieli, Nino"]
[Black "Alexandria, Nana"]
[Result "1/2-1/2"]
[WhiteElo "2340"]
[BlackElo "2360"]
[EventDate "1990.06.??"]
[PlyCount "20"]

1.e4 e6 2.d4 d5 3.Nd2 dxe4 4.Nxe4 Bd7 5.Nf3 Bc6 6.Bd3 Nd7 7.Bg5 Be7 8.Bxe7
Qxe7 9.O-O Ngf6 10.Nxf6+ Nxf6 1/2-1/2

[Event "interzonal (w)"]
[Site "Genting Highlands MAS"]
[Date "1990.??.??"]
[Round "2"]
[White "Makropoulou, Marina"]
[Black "Rudolph, Alexey"]
[Result "1-0"]
[WhiteElo "2230"]
[BlackElo "2090"]
[EventDate "1990.06.??"]
[PlyCount "53"]

1.e4 e6 2.d4 d5 3.Nc3 dxe4 4.Nxe4 Bd7 5.Nf3 Bc6 6.Bd3 Nd7 7.Ng3 Ngf6 8.O-O
Be7 9.Re1 O-O 10.c3 a5 11.Qe2 Re8 12.Bd2 Qc8 13.Ne5 Nxe5 14.dxe5 Nd7 15.
Rad1 b6 16.Qg4 Kh8 17.Nh5 g6 18.Bh6 Bf8 19.Bxf8 Rxf8 20.Nf6 Nxf6 21.exf6 
Qb7 22.Re3 Rad8 23.Rh3 Rd5 24.Qf4 Rxd3 25.Rdxd3 g5 26.Qxg5 Rg8 27.Rxh7+ 
1-0

[Event "interzonal (w)"]
[Site "Genting Highlands MAS"]
[Date "1990.??.??"]
[Round "2"]
[White "Starr, Nava"]
[Black "Maric, Alisa"]
[Result "1/2-1/2"]
[WhiteElo "2220"]
[BlackElo "2305"]
[EventDate "1990.06.??"]
[PlyCount "86"]

1.e4 c5 2.c3 e6 3.d4 d5 4.exd5 exd5 5.Nf3 Nc6 6.Be2 Bd6 7.Be3 c4 8.b3 cxb3
9.axb3 Nge7 10.Na3 Bg4 11.Nb5 O-O 12.Nxd6 Qxd6 13.Qd2 Rfe8 14.O-O Nf5 15.
Bd3 Bxf3 16.Bxf5 Be4 17.Bf4 Qd8 18.Bxe4 Rxe4 19.f3 Re8 20.Rfe1 Qd7 21.Qd3 
a6 22.Kf2 h6 23.Rxe8+ Rxe8 24.Rd1 Qe6 25.Bd2 Qd6 26.g3 Qa3 27.Qc2 Qd6 28.
Qd3 Qd7 29.Kg2 Rc8 30.Rc1 Qd6 31.Bf4 Qf6 32.Re1 Na5 33.Re5 Qc6 34.Qf5 Qxc3
35.Rxd5 Qc2+ 36.Qxc2 Rxc2+ 37.Kh3 Nc6 38.Rd7 g5 39.d5 gxf4 40.dxc6 bxc6 
41.Ra7 Rc3 42.Rxa6 Kg7 43.Kg4 fxg3 1/2-1/2

[Event "interzonal (w)"]
[Site "Genting Highlands MAS"]
[Date "1990.??.??"]
[Round "3"]
[White "Alexandria, Nana"]
[Black "Demina, Yulia"]
[Result "0-1"]
[WhiteElo "2360"]
[BlackElo "2310"]
[EventDate "1990.06.??"]
[PlyCount "96"]

1.d4 Nf6 2.c4 e6 3.Nc3 Bb4 4.Qc2 O-O 5.a3 Bxc3+ 6.Qxc3 b6 7.Bg5 c5 8.dxc5 
bxc5 9.e3 Bb7 10.f3 Nc6 11.Nh3 h6 12.Bh4 Ne4 13.Bxd8 Nxc3 14.Bc7 Rfc8 15.
Bd6 Na4 16.b3 Nb6 17.Bd3 Na5 18.Bc2 Ba6 19.O-O-O Nb7 20.Bg3 d5 21.cxd5 
exd5 22.Nf4 Rd8 23.Bf5 g6 24.Bh3 Na5 25.Kb2 Rab8 26.Kc2 Rb7 27.Rb1 Bb5 28.
Nd3 Bxd3+ 29.Kxd3 Nxb3 30.Kc2 c4 31.Rhd1 Na4 32.Be5 Re7 33.f4 f6 34.Bxf6 
Rxe3 35.Re1 Rde8 36.Be5 Nd4+ 37.Kd2 Rd3+ 38.Kc1 Nc3 39.Rb7 Nce2+ 40.Kb1 c3
41.Rxe2 Nxe2 42.Rg7+ Kf8 43.Rh7 Rd1+ 44.Kc2 Rd2+ 45.Kb3 Rb2+ 46.Ka4 Rxe5 
47.fxe5 c2 48.Rxa7 c1=Q 0-1

[Event "interzonal (w)"]
[Site "Genting Highlands MAS"]
[Date "1990.??.??"]
[Round "3"]
[White "Forbes, Catherine"]
[Black "Starr, Nava"]
[Result "1/2-1/2"]
[WhiteElo "2075"]
[BlackElo "2220"]
[EventDate "1990.06.??"]
[PlyCount "21"]

1.d4 Nf6 2.Nf3 g6 3.Nc3 d5 4.Bg5 Bg7 5.e3 O-O 6.h4 Bg4 7.Be2 h5 8.Ne5 Bxe2
9.Qxe2 Nbd7 10.O-O-O c6 11.Nxd7 1/2-1/2

[Event "interzonal (w)"]
[Site "Genting Highlands MAS"]
[Date "1990.??.??"]
[Round "3"]
[White "Hoiberg, Nina"]
[Black "Akhsharumova, Anna"]
[Result "1/2-1/2"]
[WhiteElo "2275"]
[BlackElo "2395"]
[EventDate "1990.06.??"]
[PlyCount "173"]

1.e4 e6 2.d4 d5 3.Nc3 Bb4 4.Qg4 Nf6 5.Qxg7 Rg8 6.Qh6 dxe4 7.Bg5 Rg6 8.Bxf6
Qxf6 9.Qe3 c5 10.O-O-O cxd4 11.Qxd4 Qxd4 12.Rxd4 Bxc3 13.bxc3 f5 14.f3 Nc6
15.Rc4 exf3 16.gxf3 Bd7 17.Rh4 Rg7 18.Ne2 Kf8 19.Nd4 Ne5 20.Bd3 Ng6 21.Rh6
Re7 22.Re1 Rae8 23.Rh5 Nf4 24.Rg5 Rg7 25.Rxg7 Kxg7 26.Re5 b6 27.Bb5 Bxb5 
28.Rxb5 Rc8 29.Rb4 Kf6 30.Nb5 Nd5 31.Rh4 a6 32.c4 Ne3 33.Na3 Rc7 34.Kd2 
Ng2 35.Rd4 Ke7 36.c3 e5 37.Rd5 Ke6 38.Rd8 Rd7+ 39.Rxd7 Kxd7 40.Nc2 a5 41.
Na3 Kc6 42.Kd3 Kc5 43.Kd2 Nh4 44.Ke3 Ng6 45.Kd3 Nf4+ 46.Kd2 Ne6 47.Ke3 Nd8
48.Kd3 Nf7 49.Nb1 Nd6 50.Nd2 a4 51.h4 h6 52.h5 Ne8 53.Nf1 e4+ 54.fxe4 
fxe4+ 55.Kd2 Nf6 56.Ng3 Kxc4 57.Nf5 Nxh5 58.Ne3+ Kc5 59.Nf5 Nf6 60.Nxh6 
Ne8 61.Ng4 Nd6 62.Nf6 Kc4 63.Ng4 Kd5 64.Ke3 Nc4+ 65.Ke2 Ke6 66.Nh6 b5 67.
Ng4 Kf5 68.Nh6+ Ke6 69.Ng4 Nb6 70.Ke3 Nd5+ 71.Kd4 a3 72.c4 Nb4 73.cxb5 
Nxa2 74.b6 Nb4 75.Kc3 Nd5+ 76.Kb3 Nxb6 77.Kxa3 Nd5 78.Kb3 Kf5 79.Nf2 e3 
80.Nd3 Ke4 81.Kc2 Nf4 82.Ne1 Ne6 83.Kc1 Nd4 84.Kd1 Kf5 85.Ng2 e2+ 86.Kd2 
Kg4 87.Ke3 1/2-1/2

[Event "interzonal (w)"]
[Site "Genting Highlands MAS"]
[Date "1990.??.??"]
[Round "3"]
[White "Maric, Alisa"]
[Black "Dahl, Ingrid"]
[Result "1/2-1/2"]
[WhiteElo "2305"]
[BlackElo "2100"]
[EventDate "1990.06.??"]
[PlyCount "90"]

1.d4 e6 2.c4 f5 3.Nf3 Nf6 4.g3 c6 5.Bg2 d5 6.O-O Bd6 7.Bf4 Bxf4 8.gxf4 O-O
9.e3 Qe7 10.Qe2 Bd7 11.Ne5 Be8 12.Nc3 Bh5 13.Qc2 Nbd7 14.cxd5 cxd5 15.Rac1
Rfc8 16.f3 Nb6 17.Qd3 Be8 18.Rf2 Rc7 19.Rfc2 Rac8 20.Bf1 Nc4 21.Nxc4 Rxc4 
22.Qd2 R4c7 23.Nd1 Qd6 24.Nf2 Bd7 25.Rxc7 Rxc7 26.Rc3 Ne8 27.a3 Rxc3 28.
Qxc3 Qc7 29.Qc5 b6 30.Qe7 Qd6 31.Qd8 Qc7 32.Qxc7 Nxc7 33.Nd3 Bb5 34.Ne5 
Bxf1 35.Kxf1 Ne8 36.Nc6 a6 37.Nb8 Nc7 38.Nd7 Na8 39.Ke2 Kf7 40.Kd3 Ke7 41.
Ne5 Kd6 42.Kc3 Nc7 43.Kb4 Nb5 44.a4 Na7 45.Kc3 Nc6 1/2-1/2

[Event "interzonal (w)"]
[Site "Genting Highlands MAS"]
[Date "1990.??.??"]
[Round "3"]
[White "Rudolph, Alexey"]
[Black "Xie Jun"]
[Result "0-1"]
[WhiteElo "2090"]
[BlackElo "2360"]
[EventDate "1990.06.??"]
[PlyCount "78"]

1.d4 Nf6 2.Nf3 g6 3.c4 Bg7 4.Nc3 O-O 5.e4 d6 6.Bg5 Nbd7 7.Nd2 e5 8.d5 a5 
9.Be2 Nc5 10.O-O Qd7 11.Qc2 Ne8 12.a3 f5 13.f3 f4 14.Bh4 Kh8 15.b4 Na6 16.
Rab1 Rg8 17.Na4 axb4 18.axb4 g5 19.Bf2 Bf8 20.c5 Qg7 21.Rfc1 g4 22.Kf1 Nf6
23.cxd6 Bxd6 24.Nc5 gxf3 25.Bxf3 Ng4 26.Nxa6 Nxh2+ 27.Ke2 bxa6 28.Nc4 Bd7 
29.Nxd6 cxd6 30.Rg1 Rac8 31.Qb2 Ng4 32.Bb6 Rb8 33.Ba5 Ne3 34.Ke1 Rbc8 35.
Rc1 Rxc1+ 36.Qxc1 Rc8 37.Qb1 Qg3+ 38.Kd2 Qf2+ 39.Be2 Rc2+ 0-1

[Event "interzonal (w)"]
[Site "Genting Highlands MAS"]
[Date "1990.??.??"]
[Round "3"]
[White "Wagner-Michel, Annett"]
[Black "Lematschko, Tatjana"]
[Result "0-1"]
[WhiteElo "2260"]
[BlackElo "2325"]
[EventDate "1990.06.??"]
[PlyCount "68"]

1.e4 d6 2.d4 Nf6 3.Nc3 g6 4.Nf3 Bg7 5.h3 c6 6.Be3 b5 7.a3 a6 8.Qd2 Nbd7 9.
e5 Nd5 10.Nxd5 cxd5 11.Bh6 O-O 12.Bxg7 Kxg7 13.exd6 e6 14.Bd3 Nf6 15.Ne5 
Qxd6 16.Ng4 Ng8 17.h4 h6 18.Ne5 Qe7 19.g4 Bd7 20.f4 Rfd8 21.c3 Be8 22.Bc2 
a5 23.h5 g5 24.Qd3 gxf4 25.O-O-O Nf6 26.Qf3 Nh7 27.Bxh7 Kxh7 28.Qxf4 b4 
29.axb4 axb4 30.Rh3 Rdc8 31.Kd2 Ra2 32.Rb1 bxc3+ 33.Rxc3 Qb4 34.Nd3 Qxc3+ 
0-1

[Event "interzonal (w)"]
[Site "Genting Highlands MAS"]
[Date "1990.??.??"]
[Round "3"]
[White "Zayats, Elena"]
[Black "Litinskaya, Marta"]
[Result "1-0"]
[WhiteElo "2305"]
[BlackElo "2355"]
[EventDate "1990.06.??"]
[PlyCount "107"]

1.d4 Nf6 2.c4 e6 3.Nc3 Bb4 4.a3 Bxc3+ 5.bxc3 O-O 6.e3 b6 7.Bd3 Bb7 8.f3 d5
9.Ne2 Nbd7 10.O-O c5 11.Ng3 Re8 12.cxd5 exd5 13.Ra2 cxd4 14.cxd4 Nf8 15.
Raf2 Ne6 16.Bb2 Rc8 17.e4 Nf4 18.Bb5 Bc6 19.Ba6 Rc7 20.e5 Nd7 21.Qd2 Nb8 
22.Qxf4 Nxa6 23.Nh5 Re6 24.Rc1 Bb5 25.Rfc2 Bd3 26.Rc3 Bc4 27.Ng3 b5 28.Qd2
Nb8 29.f4 a5 30.Rf3 Ra6 31.f5 Nc6 32.f6 g6 33.Nf5 Qf8 34.Ng7 Kh8 35.Rh3 
Qg8 36.Qh6 Nd8 37.Ne8 Rca7 38.Qg7+ Qxg7 39.fxg7+ Kg8 40.Nf6+ Rxf6 41.exf6 
Ne6 42.Re1 Ra8 43.Rhe3 Ra6 44.Bc3 Ba2 45.h4 h5 46.Re5 Kh7 47.g4 hxg4 48.h5
Ra8 49.Rxe6 fxe6 50.Rxe6 b4 51.axb4 axb4 52.Bxb4 Bc4 53.f7 Kxg7 54.f8=Q+ 
1-0

[Event "interzonal (w)"]
[Site "Genting Highlands MAS"]
[Date "1990.??.??"]
[Round "4"]
[White "Akhsharumova, Anna"]
[Black "Makropoulou, Marina"]
[Result "1-0"]
[WhiteElo "2395"]
[BlackElo "2230"]
[EventDate "1990.06.??"]
[PlyCount "81"]

1.d4 Nf6 2.c4 g6 3.Nc3 Bg7 4.e4 d6 5.f3 O-O 6.Be3 e5 7.d5 c6 8.Bd3 Ne8 9.
g4 Bf6 10.Nge2 Bg5 11.Qd2 Bxe3 12.Qxe3 Qh4+ 13.Kd2 Na6 14.Raf1 Nc5 15.Bc2 
a5 16.Kc1 Bd7 17.f4 exf4 18.Rxf4 Ng7 19.Nd4 Rae8 20.Nf3 Qe7 21.h4 h5 22.g5
Bg4 23.Nh2 Bc8 24.Rhf1 Nd7 25.Nf3 Ne5 26.Nxe5 Qxe5 27.Qb6 cxd5 28.cxd5 Bh3
29.R1f2 Rc8 30.a3 Bg4 31.Kb1 Qe7 32.Qxa5 Rc5 33.Qb6 Ne8 34.Ba4 Bc8 35.Bxe8
Rxe8 36.Rxf7 Qxf7 37.Rxf7 Kxf7 38.Qxd6 Rc4 39.Qf6+ Kg8 40.Qxg6+ Kf8 41.
Qf6+ 1-0

[Event "interzonal (w)"]
[Site "Genting Highlands MAS"]
[Date "1990.??.??"]
[Round "4"]
[White "Dahl, Ingrid"]
[Black "Lematschko, Tatjana"]
[Result "0-1"]
[WhiteElo "2100"]
[BlackElo "2325"]
[EventDate "1990.06.??"]
[PlyCount "116"]

1.e4 d6 2.d4 g6 3.Nf3 Bg7 4.Be2 Bg4 5.O-O Nc6 6.Be3 Nf6 7.Nc3 O-O 8.Qd2 d5
9.exd5 Nb4 10.a3 Nbxd5 11.Nxd5 Nxd5 12.Bh6 c6 13.Bxg7 Kxg7 14.Ne5 Bxe2 15.
Qxe2 Qd6 16.Nc4 Qd7 17.Rfe1 Rad8 18.c3 Rfe8 19.Rad1 f6 20.Qf3 h5 21.a4 Nb6
22.Nxb6 axb6 23.h3 Kf7 24.Qe4 Qd5 25.Qxd5+ Rxd5 26.Re4 f5 27.Re5 Rxe5 28.
dxe5 Ke6 29.f4 h4 30.Kf2 Ra8 31.b3 b5 32.axb5 Ra2+ 33.Kf3 Rc2 34.Rd3 cxb5 
35.c4 bxc4 36.bxc4 Rxc4 37.Rb3 Rc7 38.g3 b5 39.Rxb5 Rc3+ 40.Kg2 Rxg3+ 41.
Kh2 Rf3 42.Rb4 Rf2+ 43.Kg1 Re2 44.Rb6+ Kf7 45.Rb1 g5 46.fxg5 Kg6 47.Rb6+ 
Kxg5 48.Re6 Kf4 49.Rxe7 Rxe5 50.Rh7 Kg3 51.Rg7+ Kf3 52.Rg5 Re1+ 53.Kh2 
Re2+ 54.Kg1 f4 55.Rg4 Ke3 56.Rxh4 f3 57.Rh8 Re1+ 58.Kh2 f2 0-1

[Event "interzonal (w)"]
[Site "Genting Highlands MAS"]
[Date "1990.??.??"]
[Round "4"]
[White "Litinskaya, Marta"]
[Black "Gurieli, Nino"]
[Result "1/2-1/2"]
[WhiteElo "2355"]
[BlackElo "2340"]
[EventDate "1990.06.??"]
[PlyCount "25"]

1.d4 Nf6 2.Nf3 b6 3.c4 Bb7 4.g3 e6 5.Bg2 Bb4+ 6.Nbd2 c5 7.dxc5 Bxc5 8.O-O 
O-O 9.b3 d5 10.Bb2 Nc6 11.cxd5 Nxd5 12.Ne4 Be7 13.Rc1 1/2-1/2

[Event "interzonal (w)"]
[Site "Genting Highlands MAS"]
[Date "1990.??.??"]
[Round "4"]
[White "Rudolph, Alexey"]
[Black "Sziva, Erika"]
[Result "0-1"]
[WhiteElo "2090"]
[BlackElo "2250"]
[EventDate "1990.06.??"]
[PlyCount "64"]

1.e4 c5 2.Nc3 Nc6 3.g3 g6 4.Bg2 Bg7 5.d3 d6 6.Be3 e6 7.Qd2 Nd4 8.Nd1 Ne7 
9.c3 Ndc6 10.Bh6 O-O 11.h4 f6 12.Bxg7 Kxg7 13.h5 g5 14.f4 gxf4 15.gxf4 d5 
16.e5 Nf5 17.Nf3 Qc7 18.exf6+ Rxf6 19.Nf2 Nh6 20.Nh3 Bd7 21.O-O-O Raf8 22.
Rde1 Ng4 23.Rhg1 Kh8 24.Bf1 e5 25.Nxe5 Ncxe5 26.fxe5 Nxe5 27.Qe3 Nf3 28.
Ng5 Nxg1 29.Bg2 Qf4 30.Qxf4 Rxf4 31.Rxg1 Rg4 32.Nh3 Rfg8 0-1

[Event "interzonal (w)"]
[Site "Genting Highlands MAS"]
[Date "1990.??.??"]
[Round "4"]
[White "Starr, Nava"]
[Black "Wagner-Michel, Annett"]
[Result "1-0"]
[WhiteElo "2220"]
[BlackElo "2260"]
[EventDate "1990.06.??"]
[PlyCount "85"]

1.e4 c5 2.Nf3 Nc6 3.c3 d6 4.d4 Nf6 5.Bd3 cxd4 6.cxd4 Bg4 7.Be3 g6 8.Nbd2 
Bg7 9.Qb3 Bd7 10.O-O O-O 11.d5 Na5 12.Qa3 b5 13.Rac1 Ng4 14.Bd4 Bxd4 15.
Nxd4 Qb6 16.Qb4 Rac8 17.Be2 Ne5 18.N2f3 Nac4 19.Bxc4 Rxc4 20.Rxc4 bxc4 21.
Qxb6 Nxf3+ 22.Nxf3 axb6 23.Rc1 b5 24.Nd4 e6 25.b3 exd5 26.exd5 Rc8 27.Ne2 
Rc5 28.bxc4 bxc4 29.Nc3 Bf5 30.f3 Kg7 31.Kf2 Bd3 32.Ke3 Ra5 33.a4 g5 34.
Kd4 h6 35.Ra1 Kf6 36.Nd1 Bc2 37.Nb2 Bb3 38.Nxc4 Ra6 39.a5 Ke7 40.Kc3 Bxc4 
41.Kxc4 Kd7 42.Kb5 Ra8 43.a6 1-0

[Event "interzonal (w)"]
[Site "Genting Highlands MAS"]
[Date "1990.??.??"]
[Round "4"]
[White "Xie Jun"]
[Black "Hoiberg, Nina"]
[Result "0-1"]
[WhiteElo "2360"]
[BlackElo "2275"]
[EventDate "1990.06.??"]
[PlyCount "105"]

1.e4 e5 2.Nf3 Nc6 3.Bb5 Nf6 4.O-O d6 5.Re1 Be7 6.c3 O-O 7.h3 Bd7 8.Ba4 Re8
9.d3 h6 10.Nbd2 Bf8 11.Nf1 g6 12.Ng3 Bg7 13.Bb3 Na5 14.Bc2 c5 15.d4 Nc6 
16.Be3 b6 17.d5 Ne7 18.Nh2 Kh7 19.f4 Nfg8 20.Rf1 Rf8 21.Qe2 f5 22.exf5 
Nxf5 23.Bxf5 gxf5 24.fxe5 dxe5 25.Qc2 Kh8 26.Nxf5 Bxf5 27.Rxf5 Rxf5 28.
Qxf5 Qxd5 29.Nf3 Rf8 30.Qg4 Kh7 31.Re1 Ne7 32.Bf2 Rf4 33.Qh5 Rf5 34.Qh4 
Ng6 35.Qg4 Qf7 36.Qe4 Rf4 37.Qb1 Kh8 38.Bg3 Rf5 39.Qe4 Nf4 40.Bxf4 exf4 
41.Rd1 Bf8 42.c4 Rf6 43.Ne5 Qh7 44.Qxh7+ Kxh7 45.Rd7+ Bg7 46.Rxa7 Re6 47.
Nd3 Re4 48.b3 Kg6 49.Rb7 Bd4+ 50.Kf1 f3 51.Rxb6+ Kh7 52.Rb7+ Kg8 53.Ne1 
0-1

[Event "interzonal (w)"]
[Site "Genting Highlands MAS"]
[Date "1990.??.??"]
[Round "5"]
[White "Alexandria, Nana"]
[Black "Litinskaya, Marta"]
[Result "1/2-1/2"]
[WhiteElo "2360"]
[BlackElo "2355"]
[EventDate "1990.06.??"]
[PlyCount "120"]

1.d4 Nf6 2.c4 e6 3.Nc3 Bb4 4.Qc2 O-O 5.a3 Bxc3+ 6.Qxc3 b6 7.Bg5 c5 8.dxc5 
bxc5 9.e3 Bb7 10.f3 Nc6 11.Nh3 h6 12.Bh4 Ne4 13.Bxd8 Nxc3 14.Be7 Rfc8 15.
Bd6 Na4 16.b4 Nd8 17.Nf4 a6 18.Nd3 cxb4 19.axb4 Bc6 20.Ne5 Nb7 21.Nxc6 
dxc6 22.Bg3 Nb6 23.Rb1 Na4 24.Ra1 Nb6 25.Rb1 Na4 26.Bd3 a5 27.bxa5 Nac5 
28.Be2 Rxa5 29.O-O Ra2 30.Rfe1 Rd8 31.Bf1 Rda8 32.h4 h5 33.Rb6 R8a6 34.
Rxa6 Rxa6 35.Rb1 f6 36.Bc7 Kf7 37.e4 e5 38.g3 Ra3 39.Kf2 Nb3 40.Be2 Ke7 
41.f4 N7c5 42.fxe5 Nxe4+ 43.Kg2 f5 44.Bxh5 Ra2+ 45.Kg1 Nxg3 46.Bd1 Nd4 47.
Bd6+ Ke6 48.Rb7 Nge2+ 49.Bxe2 Nxe2+ 50.Kg2 Nf4+ 51.Kf3 Ng6 52.Rxg7 Nxe5+ 
53.Bxe5 Kxe5 54.h5 Ra3+ 55.Kg2 Rc3 56.h6 Rxc4 57.Rg6 c5 58.Kh3 Rc1 59.Kh2 
Rc4 60.Kh3 Rc3+ 1/2-1/2

[Event "interzonal (w)"]
[Site "Genting Highlands MAS"]
[Date "1990.??.??"]
[Round "5"]
[White "Forbes, Catherine"]
[Black "Dahl, Ingrid"]
[Result "1/2-1/2"]
[WhiteElo "2075"]
[BlackElo "2100"]
[EventDate "1990.06.??"]
[PlyCount "92"]

1.d4 c6 2.e4 d5 3.Nc3 dxe4 4.Nxe4 Nd7 5.Bc4 Ngf6 6.Ng5 e6 7.Ne2 h6 8.Nf3 
Be7 9.c3 c5 10.O-O O-O 11.Bf4 b6 12.d5 exd5 13.Bxd5 Nxd5 14.Qxd5 Ba6 15.
Rfe1 Nf6 16.Qb3 Qd5 17.Ng3 Rfe8 18.Re5 Qxb3 19.axb3 Bd3 20.Nf5 Bf8 21.Ne3 
Red8 22.Ne1 Bh7 23.Nc4 b5 24.Na3 Bd6 25.Nxb5 Bxe5 26.Bxe5 Rd7 27.Bxf6 gxf6
28.f3 Re8 29.c4 Re2 30.Nc3 Rxb2 31.Na4 Rbd2 32.Nxc5 Rd1 33.Nxd7 Rxa1 34.
Kf2 Ra2+ 35.Ke3 Kg7 36.c5 Rb2 37.c6 Rxb3+ 38.Kd4 Rb1 39.c7 Rc1 40.Nc5 Bf5 
41.Ned3 Rb1 42.g4 Bc8 43.Kd5 Rb6 44.Nf4 Kf8 45.Ne2 Ke7 46.Nd4 Rd6+ 1/2-1/2

[Event "interzonal (w)"]
[Site "Genting Highlands MAS"]
[Date "1990.??.??"]
[Round "5"]
[White "Gurieli, Nino"]
[Black "Demina, Yulia"]
[Result "1-0"]
[WhiteElo "2340"]
[BlackElo "2310"]
[EventDate "1990.06.??"]
[PlyCount "85"]

1.e4 c5 2.Nf3 Nc6 3.d4 cxd4 4.Nxd4 Nf6 5.Nc3 d6 6.Be2 e5 7.Nf3 h6 8.O-O 
Be7 9.b3 O-O 10.Bb2 Be6 11.Re1 Qa5 12.Nd2 Nd4 13.Nc4 Qc5 14.Ne3 b5 15.Bd3 
Bd8 16.a3 Bb6 17.b4 Qc7 18.Ncd5 Qb7 19.c3 Nc6 20.Nxf6+ gxf6 21.Qh5 Kg7 22.
Bc1 Rh8 23.Ng4 Bxg4 24.Qxg4+ Kf8 25.Qf3 Bd8 26.a4 bxa4 27.b5 Na5 28.Rxa4 
Nb3 29.Ba3 Nc5 30.Bxc5 dxc5 31.Bc4 Qe7 32.Rd1 Bb6 33.Raa1 Rd8 34.Rxd8+ 
Qxd8 35.Rd1 Qe7 36.Qf5 Kg7 37.Rd7 Qe8 38.Qg4+ Kf8 39.Bxf7 Qxf7 40.Rxf7+ 
Kxf7 41.Qd7+ Kg6 42.h4 h5 43.c4 1-0

[Event "interzonal (w)"]
[Site "Genting Highlands MAS"]
[Date "1990.??.??"]
[Round "5"]
[White "Hoiberg, Nina"]
[Black "Rudolph, Alexey"]
[Result "1-0"]
[WhiteElo "2275"]
[BlackElo "2090"]
[EventDate "1990.06.??"]
[PlyCount "65"]

1.e4 e6 2.Nf3 d5 3.e5 c5 4.b4 cxb4 5.a3 Nc6 6.axb4 Bxb4 7.c3 Ba5 8.d4 f5 
9.Ng5 g6 10.Nh3 Bd7 11.Be2 h6 12.O-O Nge7 13.Bd2 Kf7 14.Na3 a6 15.Bd3 b5 
16.Nc2 Bb6 17.Re1 Na5 18.Nb4 Qc8 19.g4 Nc4 20.gxf5 Nxf5 21.Bxf5 gxf5 22.
Qh5+ Kg7 23.Kh1 Rh7 24.Bxh6+ Kh8 25.Ng5 Be8 26.Bg7+ Kxg7 27.Qxh7+ Kf8 28.
Qh8+ Ke7 29.Qf6+ Kd7 30.Nxe6 a5 31.Rg1 Qb8 32.Rg7+ Kc8 33.Qe7 1-0

[Event "interzonal (w)"]
[Site "Genting Highlands MAS"]
[Date "1990.??.??"]
[Round "5"]
[White "Lematschko, Tatjana"]
[Black "Starr, Nava"]
[Result "1/2-1/2"]
[WhiteElo "2325"]
[BlackElo "2220"]
[EventDate "1990.06.??"]
[PlyCount "24"]

1.e4 e5 2.Nf3 Nc6 3.Bb5 a6 4.Bxc6 dxc6 5.Nxe5 Qd4 6.Nf3 Qxe4+ 7.Qe2 Qxe2+ 
8.Kxe2 Bg4 9.d3 O-O-O 10.Be3 Nf6 11.h3 Bxf3+ 12.Kxf3 Nd5 1/2-1/2